[Event "77 España ch 2012"]
[Site "Maspalomas ESP"]
[Date "2012.10.03"]
[Round "5.23"]
[White "Camarena Gimenez, Rufino"]
[Black "Rossello Padron, Carlos"]
[Result "1-0"]
[WhiteElo "2393"]
[BlackElo "1882"]
[PlyCount "71"]
[EventDate "2012.09.29"]
[EventType "swiss"]
[EventRounds "9"]
[EventCountry "ESP"]
[Source "lmi"]
[SourceDate "2012.09.29"]

1. d4 Nf6 2. c4 c5 3. Nf3 g6 4. Nc3 Bg7 5. e4 cxd4 6. Nxd4 d6 7. Be2 O-O 8. O-O
Nc6 9. Be3 Bd7 10. f3 a6 11. Nb3 Rc8 12. Rc1 Na5 13. Nd2 Be6 14. Nd5 Nd7 15. b4
Nc6 16. Nb3 Bxd5 17. cxd5 Nxb4 18. Qd2 a5 19. a3 Na6 20. Bxa6 bxa6 21. Nxa5 Nc5
22. Nc6 Rxc6 23. dxc6 Nb3 24. c7 Qd7 25. c8=Q Rxc8 26. Rxc8+ Qxc8 27. Qb4 Nc5
28. Rb1 Nd7 29. Rc1 Nc5 30. Bxc5 dxc5 31. Rxc5 Qd8 32. Rd5 Qc7 33. Qd2 h5 34.
g3 Bc3 35. Qe3 Kg7 36. Rc5 1-0

[Event "77 España ch 2012"]
[Site "Maspalomas ESP"]
[Date "2012.10.03"]
[Round "5.24"]
[White "Diaz Sanchez, Jose Francisco"]
[Black "Vega Gutierrez, Sabrina"]
[Result "0-1"]
[WhiteElo "1868"]
[BlackElo "2364"]
[PlyCount "108"]
[EventDate "2012.09.29"]
[EventType "swiss"]
[EventRounds "9"]
[EventCountry "ESP"]
[Source "lmi"]
[SourceDate "2012.09.29"]

1. e4 c5 2. Nf3 Nc6 3. d4 cxd4 4. Nxd4 Nf6 5. Nc3 e5 6. Ndb5 d6 7. Bg5 a6 8.
Na3 b5 9. Nd5 Be7 10. Bxf6 Bxf6 11. c3 Bb7 12. Nc2 Nb8 13. Nce3 O-O 14. Bd3 Nd7
15. O-O Bg5 16. a4 bxa4 17. Rxa4 Nc5 18. Ra3 Bxe3 19. fxe3 Qh4 20. g3 Qh6 21.
Qe2 Bxd5 22. exd5 e4 23. Bc2 f5 24. b4 Nd7 25. c4 Rab8 26. Rb1 Rb6 27. c5 dxc5
28. bxc5 Rxb1+ 29. Bxb1 Nxc5 30. Qc4 Qd6 31. Rc3 Rc8 32. Bc2 h5 33. Kg2 Kh7 34.
h4 Rc7 35. Kh2 Ne6 36. Qb3 Rxc3 37. Qxc3 Qxd5 38. Bb3 Qc5 39. Qd2 Nf8 40. Qd8
Qa3 41. Qd5 Qb2+ 42. Kh1 Qf6 43. Qg8+ Kg6 44. Qd5 Nh7 45. Bc4 Qa1+ 46. Kg2 Nf6
47. Qe6 Qb2+ 48. Kh3 Qc1 49. Kg2 a5 50. Qf7+ Kh6 51. Qe6 a4 52. Ba2 Qd2+ 53.
Kh3 Qd1 54. Kh2 Qe2+ 0-1

[Event "77 España ch 2012"]
[Site "Maspalomas ESP"]
[Date "2012.10.03"]
[Round "5.25"]
[White "Buet, Samuel"]
[Black "Angel Acosta, Juan Carlos"]
[Result "0-1"]
[WhiteElo "1845"]
[BlackElo "2225"]
[PlyCount "38"]
[EventDate "2012.09.29"]
[EventType "swiss"]
[EventRounds "9"]
[EventCountry "ESP"]
[Source "lmi"]
[SourceDate "2012.09.29"]

1. c4 e5 2. g3 Nc6 3. Bg2 Nf6 4. Nc3 Bb4 5. e4 O-O 6. Nf3 Bxc3 7. bxc3 Nxe4 8.
O-O f5 9. Qc2 d6 10. Nh4 Nc5 11. d3 g5 12. d4 Ne4 13. Nxf5 Bxf5 14. Bxe4 Bxe4
15. Qxe4 Qf6 16. Qg4 exd4 17. cxd4 Nxd4 18. Be3 Nf3+ 19. Kg2 Qf5 0-1

[Event "77 España ch 2012"]
[Site "Maspalomas ESP"]
[Date "2012.10.03"]
[Round "5.26"]
[White "Lopez Rivera, Jesus"]
[Black "Vega Gutierrez, Belinda"]
[Result "1-0"]
[WhiteElo "1839"]
[BlackElo "2206"]
[PlyCount "113"]
[EventDate "2012.09.29"]
[EventType "swiss"]
[EventRounds "9"]
[EventCountry "ESP"]
[Source "lmi"]
[SourceDate "2012.09.29"]

1. e4 e5 2. Nf3 Nc6 3. Bb5 a6 4. Ba4 Nf6 5. d4 exd4 6. O-O Be7 7. Re1 b5 8. Bb3
d6 9. Bd5 Bb7 10. Nxd4 Nxd5 11. Nxc6 Bxc6 12. exd5 Bb7 13. Qe2 Bxd5 14. Qh5 c6
15. Nc3 O-O 16. Nxd5 cxd5 17. Qxd5 Ra7 18. Bf4 Qa8 19. Rad1 Rd7 20. c3 Rc8 21.
Qxa8 Rxa8 22. Rd5 f6 23. Red1 Kf7 24. Kf1 Ke6 25. g4 Rc8 26. Be3 g5 27. Rf5 h5
28. h3 hxg4 29. hxg4 Rh8 30. Kg2 Rb7 31. Re1 Kd7 32. Bd4 Rh6 33. b3 Rb8 34. a4
bxa4 35. bxa4 Bd8 36. Kg3 Rb3 37. f4 gxf4+ 38. Kxf4 Ra3 39. Rh5 Rg6 40. Rh7+
Kc6 41. Re8 Bb6 42. Rc8+ Kd5 43. Bxb6 Rxa4+ 44. c4+ Rxc4+ 45. Rxc4 Kxc4 46. Ra7
Kb5 47. Bd4 a5 48. Rf7 Kc4 49. Rxf6 Rxg4+ 50. Kxg4 Kxd4 51. Rxd6+ Kc4 52. Kf3
a4 53. Ke2 Kb3 54. Kd2 a3 55. Kc1 Ka2 56. Kc2 Ka1 57. Kb3 1-0

[Event "77 España ch 2012"]
[Site "Maspalomas ESP"]
[Date "2012.10.03"]
[Round "5.27"]
[White "Gonzalez Perez, Cristina"]
[Black "Trujillo Alvarado, Ivan"]
[Result "1-0"]
[WhiteElo "1802"]
[BlackElo "2151"]
[PlyCount "111"]
[EventDate "2012.09.29"]
[EventType "swiss"]
[EventRounds "9"]
[EventCountry "ESP"]
[Source "lmi"]
[SourceDate "2012.09.29"]

1. e4 c5 2. Nc3 e6 3. d3 Nc6 4. g3 d6 5. Bg2 Nf6 6. Nge2 Be7 7. O-O O-O 8. f4
d5 9. h3 dxe4 10. dxe4 Qxd1 11. Rxd1 Nb4 12. e5 Ne8 13. Rd2 Rb8 14. a3 Nc6 15.
Rd1 f6 16. exf6 gxf6 17. Be3 Na5 18. f5 Nc4 19. Bh6 Ng7 20. b3 Nb6 21. Nf4 Nxf5
22. Bxf8 Kxf8 23. Kh2 Ne3 24. Rd2 Nxg2 25. Kxg2 Bd7 26. Kh2 Kf7 27. Re1 Re8 28.
Ne4 e5 29. Nd5 Nxd5 30. Rxd5 Bc6 31. Rd2 Ke6 32. c4 f5 33. Nc3 Bd6 34. Red1 Be7
35. Nd5 Bd8 36. Ne3 Bc7 37. Nd5 Bb8 38. Kg2 Rg8 39. Kh2 h5 40. Rf1 h4 41. g4 f4
42. Kg2 Be8 43. Re1 Bc6 44. Kf3 b5 45. Re4 Rf8 46. Re1 Rf7 47. Rg1 Rb7 48. Rd3
a5 49. Re1 a4 50. Kf2 Rf7 51. Red1 e4 52. Rc3 Ke5 53. Nb6 b4 54. axb4 cxb4 55.
Rcc1 Ba7 56. c5 1-0

[Event "77 España ch 2012"]
[Site "Maspalomas ESP"]
[Date "2012.10.03"]
[Round "5.28"]
[White "Lopez Colon, Francisco"]
[Black "Rodriguez Mellado, Antonio"]
[Result "1-0"]
[WhiteElo "2093"]
[BlackElo "1760"]
[PlyCount "89"]
[EventDate "2012.09.29"]
[EventType "swiss"]
[EventRounds "9"]
[EventCountry "ESP"]
[Source "lmi"]
[SourceDate "2012.09.29"]

1. d4 d5 2. c4 e6 3. Nc3 Nf6 4. Bg5 Nc6 5. e3 h6 6. Bxf6 Qxf6 7. cxd5 exd5 8.
Nxd5 Qd6 9. Nc3 Bf5 10. Bb5 O-O-O 11. Nf3 g5 12. Qa4 Nb4 13. O-O a6 14. a3 Nc2
15. Rac1 axb5 16. Nxb5 Qb6 17. Ne5 Kb8 18. Nxf7 Bd3 19. Nxh8 Qxb5 20. Qxb5 Bxb5
21. Nf7 Bxf1 22. Kxf1 Nxe3+ 23. fxe3 Re8 24. Ke2 Bg7 25. Kd3 Re7 26. Rf1 c5 27.
Rf5 cxd4 28. exd4 Kc7 29. g4 Kd7 30. Ne5+ Ke6 31. a4 Kd6 32. Ke4 Rc7 33. Rf7
Rxf7 34. Nxf7+ Ke7 35. Ne5 Ke6 36. a5 Bf8 37. d5+ Kd6 38. b4 Bg7 39. Nc4+ Kc7
40. Kf5 Bf8 41. b5 Kd7 42. Kf6 Ke8 43. Ke6 h5 44. gxh5 g4 45. Kf5 1-0

[Event "77 España ch 2012"]
[Site "Maspalomas ESP"]
[Date "2012.10.03"]
[Round "5.29"]
[White "Cruz Ramirez, Nauzet"]
[Black "Garcia Caballero, Luis"]
[Result "1-0"]
[WhiteElo "1760"]
[BlackElo "2034"]
[PlyCount "119"]
[EventDate "2012.09.29"]
[EventType "swiss"]
[EventRounds "9"]
[EventCountry "ESP"]
[Source "lmi"]
[SourceDate "2012.09.29"]

1. d4 d5 2. c4 e6 3. Nc3 Nc6 4. Nf3 Bb4 5. Bg5 f6 6. Bf4 Nge7 7. e3 Ng6 8. Bg3
O-O 9. Bd3 dxc4 10. Bxc4 Bd6 11. Qc2 Qe8 12. a3 Nce7 13. Bxd6 cxd6 14. d5 e5
15. e4 Bg4 16. Nd2 Nh4 17. O-O Qg6 18. g3 Rac8 19. f4 exf4 20. Rxf4 Nf3+ 21.
Nxf3 Bxf3 22. Rxf3 Rxc4 23. Qe2 Rfc8 24. Re1 Qe8 25. Qg2 Ng6 26. Rfe3 Ne5 27.
h3 Qd8 28. Kh2 a6 29. g4 b5 30. R1e2 Qb6 31. Rg3 h6 32. h4 Kf7 33. g5 hxg5 34.
hxg5 Rh8+ 35. Rh3 Rcc8 36. Nd1 Ng6 37. Qg4 Rxh3+ 38. Kxh3 Rh8+ 39. Kg2 Re8 40.
Ne3 Ne5 41. Qh5+ Ng6 42. Nf5 Rh8 43. Qg4 Ne5 44. Qg3 Qd8 45. Rf2 Rg8 46. gxf6
g6 47. Nh6+ Kf8 48. Nxg8 Kxg8 49. Qg5 Qd7 50. f7+ Nxf7 51. Qxg6+ Kf8 52. Qe6
Qc7 53. Rxf7+ Qxf7 54. Qxd6+ Kg7 55. Qe5+ Kh6 56. Qe6+ Qxe6 57. dxe6 Kg6 58. e5
Kg7 59. Kf3 Kf8 60. Kf4 1-0

[Event "77 España ch 2012"]
[Site "Maspalomas ESP"]
[Date "2012.10.03"]
[Round "5.30"]
[White "Morales Quintero, Jose Miguel"]
[Black "Diaz Perez, Jose Juan"]
[Result "1-0"]
[WhiteElo "2012"]
[BlackElo "1730"]
[PlyCount "85"]
[EventDate "2012.09.29"]
[EventType "swiss"]
[EventRounds "9"]
[EventCountry "ESP"]
[Source "lmi"]
[SourceDate "2012.09.29"]

1. c4 c5 2. Nf3 Nc6 3. g3 Nf6 4. Bg2 e5 5. Nc3 d6 6. d3 Be7 7. O-O O-O 8. a3 h6
9. Nd5 Be6 10. Ne1 Qd7 11. Nc2 Bh3 12. Nce3 Bxg2 13. Kxg2 Nxd5 14. Nxd5 f5 15.
e3 Bf6 16. Bd2 Ne7 17. e4 Nxd5 18. cxd5 Rac8 19. Rc1 Qb5 20. Qc2 Bd8 21. b4
fxe4 22. dxe4 Qe2 23. Be3 Qxc2 24. Rxc2 b6 25. b5 Rf7 26. f4 Bf6 27. Rc4 a6 28.
Rb1 Ra8 29. a4 Rfa7 30. fxe5 Bxe5 31. Bf4 axb5 32. Rxb5 Bxf4 33. gxf4 Rxa4 34.
Rxa4 Rxa4 35. e5 Ra6 36. Kf3 Kf7 37. Ke4 g6 38. h4 Ra4+ 39. Kf3 Rb4 40. Rxb4
cxb4 41. e6+ Kf6 42. Ke3 h5 43. Kd3 1-0

[Event "77 España ch 2012"]
[Site "Maspalomas ESP"]
[Date "2012.10.03"]
[Round "5.31"]
[White "Garceran Izquierdo, Ruben"]
[Black "Gonzalez Intelangelo, Gerardo"]
[Result "0-1"]
[WhiteElo "1719"]
[BlackElo "2010"]
[PlyCount "48"]
[EventDate "2012.09.29"]
[EventType "swiss"]
[EventRounds "9"]
[EventCountry "ESP"]
[Source "lmi"]
[SourceDate "2012.09.29"]

1. Nf3 Nf6 2. e3 c5 3. c4 g6 4. Nc3 Bg7 5. Be2 O-O 6. O-O d5 7. d4 dxc4 8. Bxc4
cxd4 9. Nxd4 Qc7 10. Qb3 e5 11. Ncb5 Qe7 12. Nf3 Nc6 13. Bd2 Bg4 14. Be2 Rfd8
15. Rfd1 a6 16. Nc3 e4 17. Ne1 Be6 18. Qb6 Rd6 19. Bc1 Nd4 20. Qb4 Nxe2+ 21.
Kf1 Nxc3 22. bxc3 Bf8 23. Rxd6 Qxd6 24. Qxd6 Bxd6 0-1

[Event "77 España ch 2012"]
[Site "Maspalomas ESP"]
[Date "2012.10.03"]
[Round "5.32"]
[White "Santana Montjoy, Javier"]
[Black "Arnaiz Yanes, Miguel Angel"]
[Result "1/2-1/2"]
[WhiteElo "1704"]
[BlackElo "2004"]
[PlyCount "84"]
[EventDate "2012.09.29"]
[EventType "swiss"]
[EventRounds "9"]
[EventCountry "ESP"]
[Source "lmi"]
[SourceDate "2012.09.29"]

1. d4 Nf6 2. c4 e5 3. dxe5 Ng4 4. Nc3 Nxe5 5. g3 Nbc6 6. b3 Bb4 7. Bb2 Qf6 8.
Rc1 O-O 9. Bg2 Re8 10. e3 d6 11. a3 Bxc3+ 12. Bxc3 Qf5 13. e4 Ng4 14. f3 Rxe4+
15. Ne2 Ne3 16. fxe4 Nxg2+ 17. Kd2 Qxe4 18. Qf1 Bg4 19. Nf4 Bf3 20. Rg1 Nxf4
21. gxf4 Qxf4+ 22. Kc2 Be4+ 23. Kb2 Qxh2+ 24. Ka1 Ne5 25. Qf6 Bg6 26. Qe7 Nd3
27. Rcf1 Rf8 28. Bd4 c5 29. Rxf7 Rxf7 30. Qe8+ Rf8 31. Qe6+ Kh8 32. Qe7 Qxg1+
33. Bxg1 Rf1+ 34. Ka2 h6 35. Be3 Re1 36. Qxd6 Kh7 37. Qg3 Re2+ 38. Ka1 Ne1 39.
Bxc5 b6 40. Bd6 Nd3 41. Bf4 Re1+ 42. Ka2 Re2+ 1/2-1/2

[Event "77 España ch 2012"]
[Site "Maspalomas ESP"]
[Date "2012.10.03"]
[Round "5.33"]
[White "Cruz Pino, Adrian"]
[Black "Guerrero Ruiz, Jose Luis"]
[Result "0-1"]
[WhiteElo "2008"]
[BlackElo "1720"]
[PlyCount "86"]
[EventDate "2012.09.29"]
[EventType "swiss"]
[EventRounds "9"]
[EventCountry "ESP"]
[Source "lmi"]
[SourceDate "2012.09.29"]

1. e4 c5 2. Nf3 e6 3. b3 Nc6 4. Bb2 Nf6 5. d3 d5 6. Nbd2 d4 7. g3 Bd7 8. Bg2 a5
9. a4 g6 10. O-O Bg7 11. Nh4 g5 12. Nhf3 h6 13. Nc4 O-O 14. Ne1 e5 15. Bc1 Bg4
16. Bf3 Bh3 17. Ng2 Ne8 18. Re1 Nd6 19. Nxd6 Qxd6 20. Bg4 Bxg4 21. Qxg4 Qe6 22.
h3 f5 23. exf5 Qxf5 24. Qxf5 Rxf5 25. Bd2 Nb4 26. Bxb4 cxb4 27. Re2 Kf8 28. Ne1
Ke7 29. Kg2 Kd6 30. Nf3 Raf8 31. Nd2 Kc7 32. Nc4 h5 33. Nxa5 e4 34. Nc4 e3 35.
Rf1 g4 36. h4 R8f7 37. Nb2 Be5 38. Nd1 Rf3 39. Nb2 Bxg3 40. Nc4 Rxf2+ 41. Rfxf2
Rxf2+ 42. Rxf2 Bxf2 43. Ne5 Bxh4 0-1

[Event "77 España ch 2012"]
[Site "Maspalomas ESP"]
[Date "2012.10.03"]
[Round "5.34"]
[White "Camino Carrio, Nicanor"]
[Black "Hernandez Diaz, Heriberto"]
[Result "1-0"]
[WhiteElo "1994"]
[BlackElo "1713"]
[PlyCount "75"]
[EventDate "2012.09.29"]
[EventType "swiss"]
[EventRounds "9"]
[EventCountry "ESP"]
[Source "lmi"]
[SourceDate "2012.09.29"]

1. e4 d6 2. d4 Nf6 3. Nc3 g6 4. Be3 Bg7 5. Qd2 h6 6. h3 b6 7. O-O-O Bb7 8. f3
e6 9. Kb1 Nfd7 10. f4 Na6 11. Nf3 Qe7 12. a3 O-O-O 13. Bd3 e5 14. Bxa6 Bxa6 15.
Nd5 Qf8 16. Qc3 c5 17. dxe5 dxe5 18. fxe5 Be2 19. Rde1 Bxf3 20. gxf3 Nxe5 21.
Qb3 Qd6 22. Qa4 Rd7 23. Bf4 g5 24. Qa6+ Kb8 25. Bg3 Ka8 26. Rd1 Qc6 27. Ka2
Rhd8 28. Rhf1 f5 29. Bxe5 Bxe5 30. c4 f4 31. Rh1 Bf6 32. Rd3 Kb8 33. Rb3 Rd6
34. Rd1 Rf8 35. Nxb6 axb6 36. Rxd6 Qxd6 37. Rxb6+ Qxb6 38. Qxb6+ 1-0

[Event "77 España ch 2012"]
[Site "Maspalomas ESP"]
[Date "2012.10.03"]
[Round "5.35"]
[White "Quiza Vazquez, Carolina"]
[Black "Boutahar Belgasi, Tarik"]
[Result "1-0"]
[WhiteElo "1655"]
[BlackElo "1994"]
[PlyCount "71"]
[EventDate "2012.09.29"]
[EventType "swiss"]
[EventRounds "9"]
[EventCountry "ESP"]
[Source "lmi"]
[SourceDate "2012.09.29"]

1. d4 c5 2. c3 Nf6 3. Nf3 e6 4. Bg5 Be7 5. Nbd2 b6 6. e3 Bb7 7. Bd3 O-O 8. O-O
d6 9. Re1 Nbd7 10. Qc2 h6 11. Bh4 Rc8 12. Rad1 a6 13. Qb1 b5 14. h3 Nh5 15.
Bxe7 Qxe7 16. Ne4 c4 17. Bc2 f5 18. Ned2 g5 19. e4 f4 20. e5 d5 21. Nh2 Ng7 22.
Ndf3 Nf5 23. Ng4 Qg7 24. Re2 Rc7 25. Rde1 Bc8 26. a4 h5 27. Nf6+ Nxf6 28. exf6
Rxf6 29. Re5 Rcf7 30. axb5 axb5 31. Qa1 g4 32. hxg4 Qxg4 33. Bxf5 Rxf5 34. Rxf5
Rxf5 35. Qa8 Rf8 36. Re5 1-0

[Event "77 España ch 2012"]
[Site "Maspalomas ESP"]
[Date "2012.10.03"]
[Round "5.36"]
[White "Henriquez Garcia, David"]
[Black "Rodriguez Manzaneda, Irene"]
[Result "1-0"]
[WhiteElo "1993"]
[BlackElo "1709"]
[PlyCount "113"]
[EventDate "2012.09.29"]
[EventType "swiss"]
[EventRounds "9"]
[EventCountry "ESP"]
[Source "lmi"]
[SourceDate "2012.09.29"]

1. e4 c5 2. Nc3 Nc6 3. g3 g6 4. Bg2 Bg7 5. f4 d6 6. d3 e6 7. Nf3 Nge7 8. O-O
O-O 9. Be3 Rb8 10. Qd2 f5 11. Rab1 b5 12. h3 Nd4 13. Ne2 Nec6 14. c3 Nxe2+ 15.
Qxe2 b4 16. e5 Ne7 17. d4 cxd4 18. Bxd4 Nc6 19. Bf2 d5 20. cxb4 Nxb4 21. Bxa7
Ba6 22. Qd2 Bxf1 23. Bxf1 Rb7 24. Bc5 Qa5 25. Bxf8 Bxf8 26. a3 Qb6+ 27. Kh2 Nc6
28. Bg2 Bxa3 29. Ng5 Nd8 30. Rc1 h6 31. bxa3 hxg5 32. fxg5 Nf7 33. Qf4 Qb2 34.
Rc8+ Kg7 35. h4 Qxe5 36. Qa4 Re7 37. Qa8 Kh7 38. Qa4 d4 39. Qb4 Qd6 40. Qxd6
Nxd6 41. Rd8 Nb5 42. a4 Nc3 43. Rxd4 Ra7 44. Bc6 e5 45. Rd3 Na2 46. Rd6 e4 47.
Be8 Rg7 48. Re6 Nb4 49. Kg2 Nd5 50. Rc6 Ne7 51. Rc7 Nd5 52. Rxg7+ Kxg7 53. a5
Nb4 54. Bb5 Nd5 55. a6 Nc7 56. a7 Kf7 57. Bc6 1-0

[Event "77 España ch 2012"]
[Site "Maspalomas ESP"]
[Date "2012.10.03"]
[Round "5.37"]
[White "Ramirez Maillo, Juan Adonay"]
[Black "De La Hoz Sanchez, Ruben"]
[Result "0-1"]
[WhiteElo "1645"]
[BlackElo "1973"]
[PlyCount "32"]
[EventDate "2012.09.29"]
[EventType "swiss"]
[EventRounds "9"]
[EventCountry "ESP"]
[Source "lmi"]
[SourceDate "2012.09.29"]

1. e4 Nf6 2. e5 Nd5 3. d4 d6 4. Nf3 Bg4 5. Be2 dxe5 6. Nxe5 Bxe2 7. Qxe2 c6 8.
O-O e6 9. Re1 Be7 10. c3 O-O 11. b3 Nd7 12. c4 N5f6 13. Nd2 c5 14. Nxd7 Qxd7
15. d5 exd5 16. Qxe7 Rfe8 0-1

[Event "77 España ch 2012"]
[Site "Maspalomas ESP"]
[Date "2012.10.03"]
[Round "5.38"]
[White "Galvan Sarmiento, Jose Luis"]
[Black "Gonzalez Armas, Dinia"]
[Result "0-1"]
[WhiteElo "1938"]
[BlackElo "1696"]
[PlyCount "120"]
[EventDate "2012.09.29"]
[EventType "swiss"]
[EventRounds "9"]
[EventCountry "ESP"]
[Source "lmi"]
[SourceDate "2012.09.29"]

1. d4 Nf6 2. Nf3 g6 3. Bf4 d6 4. h3 Bg7 5. e3 O-O 6. Be2 c5 7. c3 b6 8. O-O Bb7
9. Nbd2 Ne4 10. Nxe4 Bxe4 11. Qb3 e6 12. Rfd1 cxd4 13. cxd4 Nc6 14. Qa3 d5 15.
Bd6 Bxf3 16. Bxf3 Re8 17. Rac1 Qd7 18. Be2 a6 19. Bg3 Bf8 20. Qd3 Rec8 21. a3
b5 22. b4 Ne7 23. Be5 Nf5 24. g4 Nd6 25. h4 Nc4 26. Bg3 Nb2 27. Qd2 Nxd1 28.
Rxd1 Qc6 29. Bd3 Qc3 30. Qe2 Qxa3 31. g5 Qxb4 32. h5 Bd6 33. Bh4 e5 34. Rb1 Qa5
35. Bg3 Re8 36. h6 Qa3 37. Bc2 Qc3 38. Rb3 Qc7 39. dxe5 Bxe5 40. Bxe5 Qxe5 41.
Qg4 Ra7 42. Rb4 Rc7 43. Bb3 Rc1+ 44. Kg2 Qe6 45. Qf3 Rc4 46. Bxc4 dxc4 47. Kg1
Qe7 48. Qc6 Qxg5+ 49. Kf1 Qe7 50. Rb1 Qe6 51. Qf3 Rd8 52. Ra1 c3 53. Rd1 Rxd1+
54. Qxd1 Qh3+ 55. Kg1 Qh4 56. Qd6 Qxh6 57. Qxa6 Qg5+ 58. Kf1 Qc5 59. Qa8+ Kg7
60. Qa1 b4 0-1

[Event "77 España ch 2012"]
[Site "Maspalomas ESP"]
[Date "2012.10.03"]
[Round "5.39"]
[White "Marrero Cardenes, Agustin"]
[Black "Sosa Iglesias, Rayco"]
[Result "1-0"]
[WhiteElo "1937"]
[BlackElo "1640"]
[PlyCount "73"]
[EventDate "2012.09.29"]
[EventType "swiss"]
[EventRounds "9"]
[EventCountry "ESP"]
[Source "lmi"]
[SourceDate "2012.09.29"]

1. d4 d5 2. c4 c6 3. Nc3 Nf6 4. Bf4 Nbd7 5. e3 e6 6. Bd3 dxc4 7. Bxc4 b5 8. Bd3
Be7 9. Nge2 O-O 10. O-O Bb7 11. h3 a6 12. a4 b4 13. Ne4 a5 14. Rc1 Qb6 15. Nd6
c5 16. Nxb7 Qxb7 17. Bb5 Rac8 18. Qd3 Nb8 19. Rfd1 cxd4 20. Nxd4 Nd5 21. Bg3
Rxc1 22. Rxc1 Rc8 23. Rc2 Bf6 24. Bd6 Rxc2 25. Qxc2 Bxd4 26. exd4 Nd7 27. Qc6
Qxc6 28. Bxc6 N7b6 29. b3 g6 30. Kf1 Kg7 31. Ke2 Kf6 32. Kd3 h5 33. Bxd5 Nxd5
34. Kc4 Kf5 35. Kb5 Ke4 36. Kxa5 Kxd4 37. Bxb4 1-0

[Event "77 España ch 2012"]
[Site "Maspalomas ESP"]
[Date "2012.10.03"]
[Round "5.40"]
[White "Alarcon Olmos, Daniel"]
[Black "Perez Hernandez, Juan Manuel"]
[Result "1-0"]
[WhiteElo "1901"]
[BlackElo "1623"]
[PlyCount "67"]
[EventDate "2012.09.29"]
[EventType "swiss"]
[EventRounds "9"]
[EventCountry "ESP"]
[Source "lmi"]
[SourceDate "2012.09.29"]

1. e4 e5 2. Nf3 Nc6 3. Bb5 Bd6 4. O-O Nf6 5. Qe2 O-O 6. c3 a6 7. Ba4 Bc5 8. Rd1
d6 9. d4 Ba7 10. h3 b5 11. Bb3 Qe7 12. d5 Na5 13. Bc2 c5 14. Bg5 Bb6 15. Nbd2
Bd8 16. a4 Qb7 17. axb5 Qb8 18. b4 axb5 19. bxa5 Ba6 20. Rab1 Qc7 21. c4 b4 22.
Ba4 Bb7 23. Nb3 Qb8 24. Bb5 Ba6 25. Nbd2 Ne8 26. Be3 Nc7 27. Bc6 Ra7 28. Nxe5
dxe5 29. Bxc5 Bf6 30. Rxb4 Bb7 31. Bxa7 Qxa7 32. Rxb7 Qd4 33. Nb3 Qc3 34. Rc1
1-0

[Event "77 España ch 2012"]
[Site "Maspalomas ESP"]
[Date "2012.10.03"]
[Round "5.41"]
[White "Perez Castellano, Susana"]
[Black "Ramirez Hernandez, Jose Isidro"]
[Result "1-0"]
[WhiteElo "1876"]
[BlackElo "1397"]
[PlyCount "73"]
[EventDate "2012.09.29"]
[EventType "swiss"]
[EventRounds "9"]
[EventCountry "ESP"]
[Source "lmi"]
[SourceDate "2012.09.29"]

1. e4 c5 2. Nf3 e6 3. d4 cxd4 4. Nxd4 a6 5. Nc3 Qc7 6. Be2 Nf6 7. O-O d6 8. Be3
Be7 9. a4 Nc6 10. Nb3 O-O 11. a5 Bd7 12. f4 Rfe8 13. Kh1 Bf8 14. g4 h6 15. Qe1
Nb4 16. Rc1 d5 17. e5 Ne4 18. Nxe4 dxe4 19. Qg3 Bc6 20. g5 g6 21. h4 h5 22. Rg1
Nd5 23. Bxh5 gxh5 24. g6 fxg6 25. Qxg6+ Bg7 26. Rce1 Qf7 27. Qh6 Ne7 28. Rxg7+
Qxg7 29. Rg1 Nf5 30. Rxg7+ Nxg7 31. Nd4 Bd5 32. Qg6 Re7 33. f5 exf5 34. Nxf5
Rd7 35. Bh6 e3+ 36. Kh2 e2 37. Bxg7 1-0

[Event "77 España ch 2012"]
[Site "Maspalomas ESP"]
[Date "2012.10.03"]
[Round "5.42"]
[White "Sanchez Ramirez, Gustavo"]
[Black "Ramirez Medina, Victor"]
[Result "0-1"]
[WhiteElo "1591"]
[BlackElo "1875"]
[PlyCount "50"]
[EventDate "2012.09.29"]
[EventType "swiss"]
[EventRounds "9"]
[EventCountry "ESP"]
[Source "lmi"]
[SourceDate "2012.09.29"]

1. e4 e5 2. Nf3 d6 3. d4 exd4 4. Qxd4 Nc6 5. Qa4 Bd7 6. c3 Nf6 7. h3 g6 8. Be3
Bg7 9. Qc2 Rc8 10. Nbd2 O-O 11. Be2 Qe7 12. O-O d5 13. Nd4 Nxe4 14. Nxc6 Bxc6
15. Bxa7 b6 16. Bxb6 cxb6 17. Nxe4 dxe4 18. a4 Rb8 19. b4 Qc7 20. Rfe1 Qf4 21.
Qb3 Rb7 22. Bc4 e3 23. Bxf7+ Kh8 24. Re2 exf2+ 25. Kh1 Be5 0-1

[Event "77 España ch 2012"]
[Site "Maspalomas ESP"]
[Date "2012.10.03"]
[Round "5.43"]
[White "Navarro Molina, David"]
[Black "Ruiz Delgado, Basilio"]
[Result "1-0"]
[WhiteElo "2122"]
[BlackElo "1718"]
[PlyCount "51"]
[EventDate "2012.09.29"]
[EventType "swiss"]
[EventRounds "9"]
[EventCountry "ESP"]
[Source "lmi"]
[SourceDate "2012.09.29"]

1. d4 d5 2. c4 e6 3. Nc3 Nf6 4. Bg5 Be7 5. e3 h6 6. Bh4 O-O 7. Nf3 b6 8. Bd3
Nbd7 9. O-O Bb7 10. Qe2 dxc4 11. Bxc4 a6 12. Rfd1 Ne4 13. Bg3 Nxg3 14. hxg3 c5
15. dxc5 Bxc5 16. Ne5 Bc8 17. Nxd7 Bxd7 18. Bxa6 Qe7 19. Bb5 Rfd8 20. a3 Bxb5
21. Nxb5 Qf6 22. Rxd8+ Rxd8 23. Rc1 Qe5 24. b4 Bf8 25. Qc4 Qh5 26. Nd4 1-0

[Event "77 España ch 2012"]
[Site "Maspalomas ESP"]
[Date "2012.10.03"]
[Round "5.44"]
[White "Rodriguez Garcia, Antonio Jose"]
[Black "Rodriguez Rodriguez, Eduardo"]
[Result "1-0"]
[WhiteElo "2087"]
[BlackElo "1401"]
[PlyCount "49"]
[EventDate "2012.09.29"]
[EventType "swiss"]
[EventRounds "9"]
[EventCountry "ESP"]
[Source "lmi"]
[SourceDate "2012.09.29"]

1. e4 d5 2. exd5 Qxd5 3. d4 Nf6 4. c4 Qa5+ 5. Nc3 Bg4 6. Qb3 b6 7. Bd2 Qf5 8.
f3 Qe6+ 9. Kf2 Bh5 10. Nge2 Qd7 11. Nf4 c5 12. Nxh5 Nxh5 13. d5 g6 14. g4 Nf6
15. Nb5 Bg7 16. Bf4 Na6 17. Qa4 Nb4 18. Nc7+ Kd8 19. Qxd7+ Kxd7 20. Nxa8 Rxa8
21. Bd2 a5 22. Bc3 a4 23. a3 Nc2 24. Rd1 Rb8 25. h4 1-0

[Event "77 España ch 2012"]
[Site "Maspalomas ESP"]
[Date "2012.10.03"]
[Round "5.45"]
[White "Sanchez Montesdeoca, Isaac"]
[Black "Garcia Cruz, Jose Manuel"]
[Result "1-0"]
[WhiteElo "1771"]
[BlackElo "1368"]
[PlyCount "101"]
[EventDate "2012.09.29"]
[EventType "swiss"]
[EventRounds "9"]
[EventCountry "ESP"]
[Source "lmi"]
[SourceDate "2012.09.29"]

1. e4 d5 2. e5 Nc6 3. d4 Bf5 4. h4 e6 5. Be3 Nb4 6. Na3 b6 7. g4 Be4 8. f3 Bxc2
9. Nxc2 Nc6 10. Bb5 Nge7 11. Nb4 Qd7 12. Qc2 Nxb4 13. Bxd7+ Kxd7 14. Qa4+ Nec6
15. Kd2 b5 16. Qxb5 Rb8 17. Qa4 Rb6 18. a3 Ra6 19. Qd1 Ra5 20. axb4 Bxb4+ 21.
Kd3 Rb5 22. Rh2 Rhb8 23. Ne2 Ba5 24. Bc1 Rb3+ 25. Nc3 R8b4 26. Ra4 Rb6 27. Ke3
Rb8 28. Kf4 R3b7 29. Qd3 Bb6 30. Ne2 g6 31. Qa3 a5 32. Bd2 h6 33. h5 g5+ 34.
Kg3 Ba7 35. Bc3 Rb3 36. Qa1 Ke7 37. Qb1 Rh8 38. Qe1 Rf8 39. Bxa5 Rxb2 40. Bxc7
Rc8 41. Bd6+ Kd7 42. Qa1 Rb7 43. Rh1 Bb8 44. Bxb8 Rbxb8 45. Qa3 Rb7 46. Rc1
Rbc7 47. Ra6 Nxd4 48. Rd6+ Ke8 49. Rxc7 Nxe2+ 50. Kh2 Rb8 51. Rd8+ 1-0